[Event "POL-ChT2"]
[Site "Katowice POL"]
[Date "2010.09.04"]
[Round "1"]
[White "Hermanowicz, Dominika"]
[Black "Cherednichenko, Svetlana"]
[Result "1/2-1/2"]
[WhiteElo "2078"]
[BlackElo "2285"]
[EventDate "2010.09.04"]
[PlyCount "48"]

1.e4 e5 2.Nf3 d6 3.d4 exd4 4.Nxd4 Nf6 5.Nc3 Be7 {99} 6.Be2 O-O 7.O-O Re8 
8.Re1 c5 9.Nb3 Nc6 10.Bf1 a6 11.Nd5 Nxd5 12.exd5 Nb8 13.Bf4 Nd7 14.c4 Nf6 
15.Bd3 Bd7 16.Nd2 b5 17.b3 Bg4 18.Qc2 bxc4 19.bxc4 Bh5 20.Rab1 {]7} 20...
Bg6 21.Bxg6 {7} 21...hxg6 22.h3 {7]} 22...Rb8 23.Rxb8 {8]} 23...Qxb8 24.
Qa4 {2]} 24...Qc8 {2 [%clk 0:21] 9} 1/2-1/2

[Event "POL-ChT2"]
[Site "Katowice POL"]
[Date "2010.09.04"]
[Round "1"]
[White "Maksimenko, Andrei"]
[Black "Staniszewski, Piotr"]
[Result "1/2-1/2"]
[WhiteElo "2544"]
[BlackElo "2404"]
[EventDate "2010.09.04"]
[PlyCount "82"]

1.c4 Nf6 2.Nc3 c5 3.g3 e6 4.Nf3 b6 5.Bg2 Bb7 6.O-O Be7 7.d4 cxd4 8.Qxd4 d6
9.Bg5 a6 10.Bxf6 Bxf6 11.Qf4 O-O 12.Rfd1 Be7 13.Ne4 Bxe4 14.Qxe4 Ra7 15.
Nd4 Qc8 16.b3 Qc5 17.a4 Qe5 18.Qb1 a5 19.Ra2 Rd7 20.Rad2 Bf6 21.h4 Rc8 22.
Bf3 Qc5 23.Nb5 Be5 24.Kg2 f5 25.Nd4 Bxd4 26.Rxd4 Nc6 27.Bxc6 Qxc6+ 28.f3 
Rcd8 29.Qd3 d5 30.Qe3 Kf7 31.Qg5 h6 32.Qh5+ Kf6 33.g4 dxc4 34.Rxd7 Rxd7 
35.Qe8 Rc7 36.g5+ hxg5 37.hxg5+ Kxg5 38.Qd8+ Kg6 39.bxc4 Qxc4 40.Qe8+ Rf7 
41.Rd7 Qxe2+ 1/2-1/2

[Event "POL-ChT2"]
[Site "Katowice POL"]
[Date "2010.09.04"]
[Round "1"]
[White "Janaszak, Dawid"]
[Black "Grabarczyk, Miroslaw"]
[Result "1/2-1/2"]
[WhiteElo "2318"]
[BlackElo "2475"]
[EventDate "2010.09.04"]
[PlyCount "64"]

1.e4 e5 2.Nf3 Nc6 3.Nc3 Nf6 4.d4 exd4 5.Nxd4 Bb4 6.Nxc6 bxc6 7.Bd3 d5 8.
exd5 cxd5 9.O-O O-O 10.Bg5 c6 11.Qf3 h6 12.Bxf6 Qxf6 13.Qxf6 gxf6 14.Ne2 
Rb8 15.b3 Re8 16.Rfd1 Bg4 17.Kf1 Bxe2+ 18.Bxe2 Re5 19.Bf3 Bc3 20.Rab1 Rb6 
21.Rd3 d4 22.Be2 Ra5 23.Rg3+ Kf8 24.Rh3 Rxa2 25.Bd3 c5 26.Rxh6 Kg7 27.Rh7+
Kg8 28.Rh5 c4 29.Bxc4 Rxc2 30.Rd1 Rb7 31.h4 Re7 32.Rf5 Kg7 1/2-1/2

[Event "POL-ChT2"]
[Site "Katowice POL"]
[Date "2010.09.04"]
[Round "1"]
[White "Krysztofiak, Marcin"]
[Black "Dudzinski, Piotr"]
[Result "1-0"]
[WhiteElo "2463"]
[BlackElo "2318"]
[EventDate "2010.09.04"]
[PlyCount "109"]

1.Nf3 d5 2.g3 Nf6 3.Bg2 Bg4 4.O-O e6 5.c4 c6 6.cxd5 exd5 7.d3 Be7 8.h3 
Bxf3 9.Bxf3 O-O 10.e4 dxe4 11.dxe4 Qb6 12.Nc3 Nbd7 13.Qc2 Ne5 14.Bg2 Rfd8 
15.b3 Rd7 16.Be3 Qa5 17.Rad1 Rad8 18.Rxd7 Rxd7 19.Na4 Nd3 20.Qb1 Nc5 21.e5
Ne8 22.Nxc5 Bxc5 23.Qf5 Re7 24.e6 Bb4 25.exf7+ Rxf7 26.Qxa5 Bxa5 27.Bxa7 
Re7 28.Bf3 Re1 29.Rxe1 Bxe1 30.Kf1 Bb4 31.Ke2 Kf7 32.Kd3 Nf6 33.Bd4 Ke6 
34.Be4 h6 35.g4 Be7 36.f4 g5 37.Be3 Ne8 38.Bg6 Nc7 39.Bf5+ Kd6 40.fxg5 
hxg5 41.Bc8 Nd5 42.Bd2 Kc7 43.Be6 Nb4+ 44.Ke4 Nxa2 45.Kf5 b5 46.Bxg5 Bxg5 
47.Kxg5 Kd6 48.Kf6 Nc3 49.h4 Ne4+ 50.Kf7 c5 51.g5 c4 52.bxc4 b4 53.g6 Ke5 
54.g7 Nf6 55.c5 1-0

[Event "POL-ChT2"]
[Site "Katowice POL"]
[Date "2010.09.04"]
[Round "1"]
[White "Dudzinski, Pawel"]
[Black "Borgula, Rafal"]
[Result "1/2-1/2"]
[WhiteElo "2275"]
[BlackElo "2314"]
[EventDate "2010.09.04"]
[PlyCount "82"]

1.e4 c6 2.d4 d5 3.exd5 cxd5 4.Bd3 Nc6 5.c3 Nf6 6.h3 Qc7 7.Ne2 e6 8.Bf4 Bd6
9.Bxd6 Qxd6 10.Nd2 O-O 11.f4 b6 12.O-O Bb7 13.Ng3 Ne7 14.Qe2 g6 15.Qe5 Ne8
16.Rae1 Rd8 17.h4 Bc8 18.h5 f6 19.Qe3 Rf7 20.Nf3 Nf5 21.Nxf5 gxf5 22.h6 
Qf8 23.Kf2 Qxh6 24.Rh1 Qf8 25.Rh4 Rg7 26.Nh2 Nd6 27.g4 Ne4+ 28.Bxe4 fxe4 
29.Rh1 Bd7 30.Nf1 Be8 31.Qh3 Rdd7 32.Ne3 Qd6 33.Ke2 Qxf4 34.Rf1 Qg5 35.Qh2
Rc7 36.Kd2 Rgd7 37.Qf2 Kg7 38.Rg1 Kf8 39.Rf1 Kg7 40.Rg1 Kf8 41.Rf1 Kg7 
1/2-1/2

[Event "POL-ChT2"]
[Site "Katowice POL"]
[Date "2010.09.04"]
[Round "1"]
[White "Robak, Zbigniew"]
[Black "Wlodarczyk, Oskar"]
[Result "1/2-1/2"]
[WhiteElo "2278"]
[BlackElo "2318"]
[EventDate "2010.09.04"]
[PlyCount "59"]

1.e4 e5 2.Nf3 Nf6 3.d4 Nxe4 4.Bd3 d5 5.Nxe5 Nd7 6.Nc3 Nxc3 7.bxc3 Nxe5 8.
dxe5 Qh4 9.O-O Bc5 10.Bb5+ c6 11.Qxd5 O-O 12.Qxc5 cxb5 13.Qxb5 b6 14.Rb1 
Bf5 15.Qe2 Qe4 16.a3 Rac8 17.Rb4 Qxc2 18.Qxc2 Bxc2 19.Bb2 Bd3 20.Re1 Bc4 
21.Bc1 Rfe8 22.f4 Red8 23.Be3 Rd3 24.Bd4 Rd2 25.Re3 Rd1+ 26.Kf2 Rd2+ 27.
Kg1 Rd1+ 28.Kf2 Rd2+ 29.Kg1 Rd1+ 30.Kf2 1/2-1/2

[Event "POL-ChT2"]
[Site "Katowice POL"]
[Date "2010.09.04"]
[Round "1"]
[White "Magnucka, Milena"]
[Black "Weglarz, Joanna"]
[Result "1-0"]
[WhiteElo "2061"]
[BlackElo "2037"]
[EventDate "2010.09.04"]
[PlyCount "60"]

1.e4 c5 2.Nf3 d6 3.d4 cxd4 4.Nxd4 Nf6 5.Nc3 a6 6.Be3 e6 7.f3 b5 8.Qd2 Nbd7
9.O-O-O Nb6 10.Qf2 Nfd7 11.f4 Bb7 12.f5 e5 13.Ne6 fxe6 14.fxe6 Nf6 15.Bxb6
Qc8 16.Nd5 Bxd5 17.exd5 Be7 18.g4 O-O 19.Qg2 Qb7 20.Be3 a5 21.Be2 Ne8 22.
Rhf1 Nc7 23.Rxf8+ Rxf8 24.Qh1 a4 25.h4 b4 26.g5 Nb5 27.Rf1 a3 28.Rxf8+ 
Bxf8 29.Bxb5 Qxb5 30.Qf3 Qb7 1-0

[Event "POL-ChT2"]
[Site "Katowice POL"]
[Date "2010.09.05"]
[Round "2"]
[White "Jedynak, Radoslaw"]
[Black "Staniszewski, Piotr"]
[Result "1/2-1/2"]
[WhiteElo "2492"]
[BlackElo "2404"]
[EventDate "2010.09.04"]
[PlyCount "83"]

1.d4 Nf6 2.c4 e6 3.Nc3 Bb4 4.Nf3 c5 5.e3 O-O 6.Bd3 d5 7.O-O Nc6 8.a3 Bxc3 
9.bxc3 dxc4 10.Bxc4 Qc7 11.Qe2 e5 12.d5 Na5 13.e4 Bg4 14.Ba2 Ne8 15.h3 
Bxf3 16.Qxf3 Nd6 17.Qe2 Qd7 18.f4 Rae8 19.c4 f6 20.Bd2 b6 21.Bxa5 bxa5 22.
Qe3 Qc7 23.f5 Rb8 24.Rf2 Rb7 25.Re1 Rfb8 26.Ree2 a4 27.g4 Rb3 28.Bxb3 axb3
29.Qc3 Qb6 30.g5 Nxe4 31.Rxe4 b2 32.Rxb2 Qxb2 33.Qxb2 Rxb2 34.gxf6 gxf6 
35.Rg4+ Kf7 36.h4 Rb3 37.Kg2 Rxa3 38.h5 Ra2+ 39.Kg3 Ra1 40.Kg2 Ra2+ 41.Kg3
Ra1 42.Kg2 1/2-1/2

[Event "POL-ChT2"]
[Site "Katowice POL"]
[Date "2010.09.05"]
[Round "2"]
[White "Janaszak, Dawid"]
[Black "Shkapenko, Pavel"]
[Result "1/2-1/2"]
[WhiteElo "2318"]
[BlackElo "2426"]
[EventDate "2010.09.04"]
[PlyCount "116"]

1.e4 {]} 1...c5 {]} 2.Nf3 {]} 2...a6 {]} 3.c4 {]} 3...e6 {]} 4.Nc3 {]} 
4...b6 {]} 5.d4 {]} 5...cxd4 {]} 6.Nxd4 {]} 6...Bb7 {]} 7.Bd3 {]} 7...Bc5 
{]} 8.Nb3 {]} 8...Be7 {]} 9.O-O {]} 9...d6 {]} 10.f4 {]} 10...Nc6 {[%clk 
1:23]} 11.Qg4 {%} 11...g6 {%} 12.Be3 Nf6 13.Qe2 Nd7 14.f5 Bf6 15.Rad1 Nce5
16.Nd4 Qe7 17.fxe6 fxe6 18.b3 O-O 19.Bb1 Rae8 20.h3 Bg7 21.Qd2 Rxf1+ 22.
Rxf1 Rf8 23.Rxf8+ Nxf8 24.a4 Nfd7 25.Nce2 Nc5 26.Nc3 Qf6 27.Bc2 Nc6 28.
Nde2 Qf8 29.Bf4 Nd4 30.Nxd4 Bxd4+ 31.Qxd4 Qxf4 32.b4 Nd7 33.Bb3 Qe5 34.
Qxe5 Nxe5 35.c5 dxc5 36.Bxe6+ Kf8 37.bxc5 bxc5 38.Kf2 Ke7 39.Bg8 h6 40.Ke3
Kd6 41.h4 g5 42.hxg5 hxg5 43.g3 Ng4+ 44.Kd3 Bc6 45.a5 Bb7 46.Kc4 Ne5+ 47.
Kb3 Nc6 48.Ka4 Ne7 49.Bc4 Ke5 50.Nd5 Nxd5 51.exd5 Kd4 52.Bxa6 Bxd5 53.Bc8 
c4 54.a6 c3 55.Bf5 Ke3 56.Kb4 Kd2 57.Kc5 Bf3 58.Kd4 c2 1/2-1/2

[Event "POL-ChT2"]
[Site "Katowice POL"]
[Date "2010.09.05"]
[Round "2"]
[White "Slaby, Jerzy"]
[Black "Dudzinski, Piotr"]
[Result "1-0"]
[WhiteElo "2477"]
[BlackElo "2318"]
[EventDate "2010.09.04"]
[PlyCount "69"]

1.d4 {]} 1...d5 {]} 2.c4 {]} 2...e6 {]} 3.Nf3 {]} 3...c6 {]} 4.Qc2 {]} 
4...Nf6 {]} 5.Bg5 {]} 5...Be7 {]} 6.Nbd2 {]} 6...O-O {]} 7.e3 {]} 7...b6 {
]} 8.Bd3 {]} 8...h6 {]} 9.Bh4 {[%clk 1:14]} 9...Bb7 {%} 10.O-O Nbd7 11.
cxd5 Nxd5 12.Bxe7 Qxe7 13.a3 c5 14.Rfc1 cxd4 15.Nxd4 Rfc8 16.Qd1 Qg5 17.
N2f3 Qh5 18.Nb5 Rxc1 19.Rxc1 Rd8 20.Nxa7 Nc5 21.Bb1 Rd7 22.Qe2 g6 23.Nb5 
Ba6 24.Qc4 Nc7 25.a4 Nxa4 26.Qxa4 Qxb5 27.Qa3 Qc6 28.Re1 Bb7 29.e4 Nb5 30.
Qe3 Qc5 31.Qxh6 Qb4 32.h4 Qxb2 33.h5 Qg7 34.Qg5 gxh5 35.Qxb5 1-0

[Event "POL-ChT2"]
[Site "Katowice POL"]
[Date "2010.09.05"]
[Round "2"]
[White "Dudzinski, Pawel"]
[Black "Skalski, Michal"]
[Result "1/2-1/2"]
[WhiteElo "2275"]
[BlackElo "2447"]
[EventDate "2010.09.04"]
[PlyCount "62"]

1.e4 c6 2.d4 g6 3.f4 Bg7 4.Nf3 d5 5.e5 h5 6.c4 Nh6 7.Be3 O-O 8.h3 Na6 9.
cxd5 Qxd5 10.Nc3 Qa5 11.Bc4 Nc7 12.Qd2 Be6 13.Bxe6 Nxe6 14.Nh4 Rfd8 15.Qf2
c5 16.dxc5 Rac8 17.O-O Nxc5 18.Bxc5 Qxc5 19.Qxc5 Rxc5 20.Rad1 Rcc8 21.Kf2 
Nf5 22.Nxf5 gxf5 23.Rxd8+ Rxd8 24.Rd1 Rxd1 25.Nxd1 e6 26.Ke3 f6 27.exf6 
Bxf6 28.b3 Kf7 29.Nf2 Ke7 30.g4 hxg4 31.hxg4 fxg4 1/2-1/2

[Event "POL-ChT2"]
[Site "Katowice POL"]
[Date "2010.09.05"]
[Round "2"]
[White "Kuzmicz, Krystian"]
[Black "Wlodarczyk, Oskar"]
[Result "1-0"]
[WhiteElo "2407"]
[BlackElo "2318"]
[EventDate "2010.09.04"]
[PlyCount "64"]

1.g3 Nf6 2.Bg2 d5 3.f4 g6 4.Nf3 Bg7 5.O-O O-O 6.d3 c5 7.Qe1 Nc6 8.c3 Rb8 
9.e4 {[%clk 1:28]} 9...dxe4 10.dxe4 b5 11.e5 Nd5 12.Qf2 c4 13.Rd1 e6 14.
Be3 Qa5 15.Bc5 b4 16.cxb4 Ncxb4 17.Bxa7 Ba6 18.Qd2 Rbd8 19.Bd4 Qa4 20.Nc3 
Nxc3 21.Qxc3 Nc2 22.Rac1 Nb4 23.b3 Qa3 24.Bc5 Rxd1+ 25.Rxd1 Nxa2 26.Qxc4 
Bxc4 27.Bxa3 Bxb3 28.Rb1 Bd5 29.Bxf8 Bxf8 30.Rb8 Kg7 31.Ng5 Nc3 32.Bxd5 
Nxd5 1-0

[Event "POL-ChT2"]
[Site "Katowice POL"]
[Date "2010.09.05"]
[Round "2"]
[White "Magnucka, Milena"]
[Black "Gasik, Anna"]
[Result "0-1"]
[WhiteElo "2061"]
[BlackElo "2203"]
[EventDate "2010.09.04"]
[PlyCount "76"]

1.e4 c5 2.Nf3 e6 3.c3 Nc6 4.d4 cxd4 5.cxd4 d5 6.e5 Nge7 7.Na3 Nf5 8.Nc2 
Be7 9.Bd3 Qb6 10.O-O Bd7 11.Bxf5 exf5 12.b3 a5 13.Bg5 Bf8 14.h4 h6 15.Bf4 
Be7 16.h5 g5 17.hxg6 fxg6 18.Re1 Be6 19.Qd3 g5 20.Bd2 O-O 21.a4 Kg7 22.Qb5
Qc7 23.Rec1 Qd7 24.Nfe1 f4 25.f3 Bf5 26.Qe2 g4 27.fxg4 Bxg4 28.Nf3 Qf5 29.
Qf2 Kh7 30.Nce1 Rg8 31.Bc3 Rg6 32.Nh2 Rag8 33.Nxg4 Qxg4 34.Kf1 Bh4 35.Qc2 
Bxe1 36.Rxe1 f3 37.Re3 fxg2+ 38.Kg1 Qh4 0-1

[Event "POL-ChT2"]
[Site "Katowice POL"]
[Date "2010.09.05"]
[Round "2"]
[White "Czyz, Artur"]
[Black "Maksimenko, Andrei"]
[Result "0-1"]
[WhiteElo "2088"]
[BlackElo "2544"]
[EventDate "2010.09.04"]
[PlyCount "44"]

1.e4 c5 2.Nf3 d6 3.d4 cxd4 4.Nxd4 Nf6 5.Nc3 a6 6.Bc4 e6 7.Be3 b5 8.Bb3 Be7
9.f4 Bb7 10.O-O b4 11.Na4 Bxe4 12.Bxe6 fxe6 13.Nxe6 Qd7 14.Nxg7+ Kf7 15.
Nb6 Qg4 16.Qxg4 Nxg4 17.Nxa8 Nxe3 18.Rfe1 d5 19.Rxe3 Bc5 20.Kf2 Kxg7 21.
Nc7 Kf7 22.g4 Rc8 0-1

[Event "POL-ChT2"]
[Site "Katowice POL"]
[Date "2010.09.05"]
[Round "2"]
[White "Grabarczyk, Miroslaw"]
[Black "Kalvaitis, Sigitas"]
[Result "1/2-1/2"]
[WhiteElo "2475"]
[BlackElo "2316"]
[EventDate "2010.09.04"]
[PlyCount "63"]

1.d4 e6 2.c4 Nf6 3.Nf3 d5 4.g3 Be7 5.Bg2 O-O 6.O-O dxc4 7.Qc2 a6 8.a4 Bd7 
9.Qxc4 Bc6 10.Nc3 a5 11.Bg5 Na6 12.Bxf6 Bxf6 13.e4 Nb4 14.h4 b6 15.Rfd1 
Bb7 16.Rd2 c6 17.h5 Ra7 18.Qe2 Ba6 19.Qe3 Rd7 20.Rad1 h6 21.Ne5 Bxe5 22.
dxe5 Rxd2 23.Rxd2 Qc7 24.Rd6 c5 25.Bf1 Bxf1 26.Kxf1 f6 27.Nb5 Qe7 28.Rxb6 
fxe5 29.Qb3 Rf6 30.Kg2 Qf7 31.f3 Kh7 32.Nd6 1/2-1/2

[Event "POL-ChT2"]
[Site "Katowice POL"]
[Date "2010.09.05"]
[Round "2"]
[White "Piesik, Piotr"]
[Black "Krysztofiak, Marcin"]
[Result "1/2-1/2"]
[WhiteElo "2237"]
[BlackElo "2463"]
[EventDate "2010.09.04"]
[PlyCount "125"]

1.d4 d6 2.Nf3 g6 3.g3 Bg7 4.Bg2 Nd7 5.O-O e5 6.dxe5 dxe5 7.e4 Ne7 8.Qe2 
O-O 9.Nbd2 b6 10.Rd1 Qe8 11.b4 Nb8 12.a4 Bd7 13.Bb2 f6 14.Qc4+ Qf7 15.
Qxf7+ Kxf7 16.Nc4 h6 17.Ne3 Be6 18.Bf1 Nbc6 19.Nd5 Bxd5 20.exd5 Nxb4 21.
Bc4 Ke8 22.c3 e4 23.Nd4 Nbxd5 24.Ne6 c6 25.Bxd5 cxd5 26.Nxf8 Bxf8 27.c4 f5
28.cxd5 Rd8 29.d6 Nc8 30.Rac1 Nxd6 31.Ba3 Kd7 32.Rc2 Be7 33.Kf1 Ke6 34.Rc7
Rd7 35.Rc6 h5 36.h4 Bf8 37.Ke2 Be7 38.f3 exf3+ 39.Kxf3 Bf8 40.Rc2 Rf7 41.
Re1+ Ne4 42.Bxf8 Rxf8 43.Rc6+ Ke5 44.Rxg6 Rc8 45.Rg7 Rc3+ 46.Re3 Rc2 47.
Re2 Rc3+ 48.Kg2 Kf6 49.Rxa7 Rxg3+ 50.Kh2 Rb3 51.Rh7 Rb4 52.Rxh5 Rxa4 53.
Rh6+ Ke5 54.Rxb6 Kf4 55.Rb3 Nf6 56.Kh3 Ne4 57.Kh2 Nf6 58.Reb2 Kg4 59.Rb4+ 
Rxb4 60.Rxb4+ Ne4 61.Rb5 Kxh4 62.Rxf5 Kg4 63.Rf8 1/2-1/2

[Event "POL-ChT2"]
[Site "Katowice POL"]
[Date "2010.09.05"]
[Round "2"]
[White "Borgula, Rafal"]
[Black "Swicarz, Maciej"]
[Result "1/2-1/2"]
[WhiteElo "2314"]
[BlackElo "2306"]
[EventDate "2010.09.04"]
[PlyCount "100"]

1.Nf3 f5 2.d4 Nf6 3.c4 g6 4.g3 Bg7 5.Bg2 d6 6.O-O O-O 7.Nc3 Nc6 8.d5 Ne5 
9.Nxe5 dxe5 10.Qb3 e6 11.Rd1 exd5 12.Nxd5 c6 13.Bg5 cxd5 14.Bxd5+ Kh8 15.
Bxb7 Rb8 16.Rxd8 Rxd8 17.Rd1 Rg8 18.Bxf6 Bxf6 19.Qa4 Rxb7 20.b4 Kg7 21.c5 
Be6 22.Rd6 Re7 23.Ra6 Ra8 24.b5 Rd8 25.Rxa7 Rd4 26.Rxe7+ Bxe7 27.Qa7 Kf6 
28.c6 Bd5 29.f3 Rc4 30.Qd7 Rc1+ 31.Kg2 Be6 32.Qe8 h5 33.h4 e4 34.Qh8+ Kf7 
35.fxe4 fxe4 36.Qe5 e3 37.Kh2 Bc5 38.Qf4+ Ke7 39.Qc7+ Ke8 40.Qb8+ Ke7 41.
Qc7+ Ke8 42.Qb8+ Ke7 43.Qc7+ Kf6 44.Qf4+ Ke7 45.Qe4 Kf6 46.c7 Bb6 47.Qb7 
Bxc7 48.Qf3+ Ke7 49.Qxe3 Rb1 50.a4 Rb3 1/2-1/2

[Event "POL-ChT2"]
[Site "Katowice POL"]
[Date "2010.09.05"]
[Round "2"]
[White "Cajbel, Maciej"]
[Black "Robak, Zbigniew"]
[Result "1-0"]
[WhiteElo "2221"]
[BlackElo "2278"]
[EventDate "2010.09.04"]
[PlyCount "56"]

1.e4 d6 2.d4 Nf6 3.Nc3 g6 4.f4 Bg7 5.Nf3 O-O 6.Bd3 Na6 7.O-O c5 8.d5 Rb8 
9.Kh1 Nc7 10.a4 a6 11.a5 Bd7 12.Qe1 b5 13.axb6 Rxb6 14.b3 Bb5 15.Nxb5 axb5
16.Ra2 e6 17.dxe6 Nxe6 18.f5 Nd4 19.Nxd4 cxd4 20.Bg5 h6 21.Bd2 Rb7 22.fxg6
fxg6 23.e5 dxe5 24.Qxe5 Kh7 25.Ra6 Re7 26.Bxg6+ Kh8 27.Qxb5 Ng4 28.Bb4 Re5
1-0

[Event "POL-ChT2"]
[Site "Katowice POL"]
[Date "2010.09.05"]
[Round "2"]
[White "Weglarz, Joanna"]
[Black "Cagara, Paulina"]
[Result "1/2-1/2"]
[WhiteElo "2037"]
[BlackElo "2070"]
[EventDate "2010.09.04"]
[PlyCount "63"]

1.e4 e6 2.d4 d5 3.exd5 exd5 4.Bd3 Nf6 5.h3 Bd6 6.Qf3 c6 7.Ne2 O-O 8.O-O 
Re8 9.Bg5 Nbd7 10.Nd2 h6 11.Bf4 Nf8 12.Bxd6 Qxd6 13.Ng3 Bd7 14.c3 Re7 15.
Rae1 Rae8 16.Qd1 Ng6 17.Bxg6 fxg6 18.Rxe7 Rxe7 19.Re1 Rxe1+ 20.Qxe1 Qe6 
21.Qb1 Be8 22.Nf3 Nd7 23.Qc2 b5 24.h4 Bf7 25.Qd2 Kf8 26.Qf4 a5 27.Qc7 a4 
28.a3 Be8 29.Kf1 Qf6 30.Ne2 g5 31.hxg5 hxg5 32.Ng3 1/2-1/2

[Event "POL-ChT2"]
[Site "Katowice POL"]
[Date "2010.09.05"]
[Round "2"]
[White "Gritsak, Orest"]
[Black "Stryjecki, Marek"]
[Result "1-0"]
[WhiteElo "2521"]
[BlackElo "2422"]
[EventDate "2010.09.04"]
[PlyCount "97"]

1.d4 g6 2.e4 Bg7 3.Nf3 d6 4.Be2 Nf6 5.Nbd2 O-O 6.O-O Nc6 7.c3 e5 8.dxe5 
Nxe5 9.Nxe5 dxe5 10.a4 Bh6 11.Qc2 Qe7 12.a5 Rd8 13.Nc4 Bxc1 14.Rfxc1 Bd7 
15.Rd1 Bb5 16.Ne3 Bc6 17.f3 Rxd1+ 18.Qxd1 Rd8 19.Qe1 Nh5 20.g3 Qg5 21.Bc4 
Kg7 22.b4 a6 23.Ra2 f5 24.exf5 gxf5 25.Rd2 Rxd2 26.Qxd2 f4 27.Ng4 Nf6 28.
Qd8 Kg6 29.Nxf6 Qxf6 30.Bd3+ e4 31.Bxe4+ Bxe4 32.Qe8+ Kg7 33.Qxe4 Qxc3 34.
Qxf4 b6 35.Qg5+ Kf7 36.Qd5+ Ke7 37.axb6 Qe3+ 38.Kg2 cxb6 39.Qb7+ Kd6 40.
Qxa6 Qd2+ 41.Kf1 Qd1+ 42.Kf2 Qd2+ 43.Qe2 Qxb4 44.Qd3+ Kc6 45.Qc2+ Kd6 46.
Ke3 Ke5 47.Qc7+ Ke6 48.Qc6+ Kf7 49.Qd5+ 1-0

[Event "POL-ChT2"]
[Site "Katowice POL"]
[Date "2010.09.05"]
[Round "2"]
[White "Walach, Marcin"]
[Black "Stoma, Pawel"]
[Result "0-1"]
[WhiteElo "2371"]
[BlackElo "2308"]
[EventDate "2010.09.04"]
[PlyCount "74"]

1.d4 d5 2.Nc3 c6 3.e4 dxe4 4.Nxe4 Nd7 5.Ng5 Ngf6 6.Bc4 e6 7.Qe2 Nb6 8.Bd3 
Nbd5 9.N1f3 Bb4+ 10.Kf1 h6 11.Ne4 Nxe4 12.Qxe4 Nf6 13.Qe2 Be7 14.h4 b6 15.
Ne5 Bb7 16.c3 Qd5 17.Bc4 Qe4 18.Qd1 Rd8 19.Bd2 c5 20.f3 Qf5 21.Qa4+ Kf8 
22.Qxa7 cxd4 23.Qxb7 Qxe5 24.Qxb6 Nh5 25.Rh3 Ng3+ 26.Kg1 dxc3 27.Be3 c2 
28.f4 Rd1+ 29.Kh2 Qd6 30.Qxd6 Bxd6 31.Rc1 Nf5 32.Rxc2 Nxe3 33.Be2 Nxc2 34.
Bxd1 Ne3 35.Rf3 Nxd1 36.Rd3 Ke7 37.Rxd1 Bxf4+ 0-1

[Event "POL-ChT2"]
[Site "Katowice POL"]
[Date "2010.09.05"]
[Round "2"]
[White "Miroslaw, Michal"]
[Black "Obrusnik, Michal"]
[Result "1-0"]
[WhiteElo "2291"]
[BlackElo "2210"]
[EventDate "2010.09.04"]
[PlyCount "103"]

1.e4 c5 2.Nf3 Nc6 3.d4 cxd4 4.Nxd4 e5 5.Nb5 d6 6.N1c3 a6 7.Na3 b5 8.Nd5 
Nge7 9.c4 Nd4 10.Be3 Nxd5 11.cxd5 g6 12.Bd3 Bg7 13.O-O O-O 14.Nc2 f5 15.f3
Nxc2 16.Qxc2 f4 17.Bf2 g5 18.Qc6 Rb8 19.Rfc1 Rf7 20.Bb6 Qxb6+ 21.Qxb6 Rxb6
22.Rxc8+ Rf8 23.Rc6 Rfb8 24.Rac1 Bf6 25.Rc7 R6b7 26.Rxb7 Rxb7 27.Rc6 Be7 
28.Rxa6 b4 29.Bc4 Kf7 30.Ra8 Rc7 31.b3 Rd7 32.Bb5 Rd8 33.Ra4 Rc8 34.Bc6 
Rb8 35.Kf1 h5 36.Ke2 g4 37.fxg4 hxg4 38.Bd7 g3 39.hxg3 fxg3 40.Kf3 Bg5 41.
Ra7 Kf6 42.Bc6 Rd8 43.Rb7 Bd2 44.Kxg3 Rg8+ 45.Kf3 Kg5 46.Rd7 Rg6 47.Rd8 
Rf6+ 48.Ke2 Bc3 49.Bd7 Rf7 50.Bf5 Ra7 51.Rxd6 Rxa2+ 52.Kd3 1-0

[Event "POL-ChT2"]
[Site "Katowice POL"]
[Date "2010.09.05"]
[Round "2"]
[White "Helis, Tadeusz"]
[Black "Wojcieszyn, Jacenty"]
[Result "1/2-1/2"]
[WhiteElo "2277"]
[BlackElo "2294"]
[EventDate "2010.09.04"]
[PlyCount "75"]

1.Nf3 c5 2.c4 Nc6 3.g3 g6 4.Bg2 Bg7 5.O-O d6 6.Nc3 Bg4 7.h3 Bxf3 8.Bxf3 e6
9.a3 Nge7 10.b4 Qd7 11.bxc5 dxc5 12.Rb1 O-O 13.Bg2 b6 14.Bb2 Rad8 15.Ne4 
e5 16.d3 Nd4 17.Nc3 f5 18.f4 Rfe8 19.e3 Ne6 20.Nd5 Nc7 21.e4 Nexd5 22.cxd5
fxe4 23.dxe4 Nb5 24.f5 Nd6 25.f6 Bh6 26.Bc1 Bxc1 27.Qxc1 Rf8 28.Kh2 Ne8 
29.Qg5 Qd6 30.Rf5 Rxf6 31.Rxe5 h6 32.Rxe8+ Rxe8 33.Qxh6 Rf2 34.Re1 Ref8 
35.e5 Qxd5 36.Qxg6+ Kh8 37.Qh6+ Kg8 38.Qg6+ 1/2-1/2

[Event "POL-ChT2"]
[Site "Katowice POL"]
[Date "2010.09.05"]
[Round "2"]
[White "Panas, Pawel"]
[Black "Stysiak, Szymon"]
[Result "1-0"]
[WhiteElo "2194"]
[BlackElo "2211"]
[EventDate "2010.09.04"]
[PlyCount "87"]

1.Nf3 d5 2.d4 Nf6 3.e3 c6 4.c4 e6 5.Nbd2 Nbd7 6.b3 Bd6 7.Bb2 O-O 8.Bd3 Re8
9.O-O e5 10.dxe5 Nxe5 11.Be2 Qe7 12.h3 Bd7 13.Qc2 Rad8 14.Rfd1 Bb8 15.Rac1
a6 16.Bd4 Nxf3+ 17.Bxf3 Ne4 18.Bb6 Qe5 19.Nxe4 dxe4 20.Bxe4 Qh2+ 21.Kf1 
Bc7 22.Bxh7+ Kh8 23.Bxc7 Qxc7 24.Bf5 Re5 25.Bxd7 Rxd7 26.Rxd7 Qxd7 27.Rd1 
Qe7 28.Qd3 g6 29.Qd8+ Kg7 30.Qxe7 Rxe7 31.Ke2 Kf6 32.f4 Ke6 33.e4 Re8 34.
Kf3 a5 35.c5 Ra8 36.Rd4 Ra6 37.e5 Ke7 38.g4 Ra8 39.h4 Rh8 40.Kg3 Ra8 41.g5
Ra6 42.f5 Ra8 43.Rd6 gxf5 44.h5 1-0

[Event "POL-ChT2"]
[Site "Katowice POL"]
[Date "2010.09.05"]
[Round "2"]
[White "Cherednichenko, Svetlana"]
[Black "Stoma, Katarzyna"]
[Result "1-0"]
[WhiteElo "2285"]
[BlackElo "1944"]
[EventDate "2010.09.04"]
[PlyCount "35"]

1.d4 d5 2.c4 c6 3.Nc3 Nf6 4.Nf3 a6 5.e3 Bf5 6.Qb3 b5 7.cxb5 cxb5 8.a4 b4 
9.Qxb4 Nc6 10.Qc5 Na5 11.Bxa6 Rxa6 12.Qb5+ Rc6 13.Ne5 Bd7 14.Nxc6 Bxc6 15.
Qa6 e6 16.O-O Bb4 17.Na2 Bb7 18.Qb5+ 1-0

[Event "POL-ChT2"]
[Site "Katowice POL"]
[Date "2010.09.05"]
[Round "2"]
[White "Talla, Vladimir"]
[Black "Wojciechowski, Piotr"]
[Result "1-0"]
[WhiteElo "2456"]
[BlackElo "2305"]
[EventDate "2010.09.04"]
[PlyCount "77"]

1.e4 c5 2.Nf3 e6 3.d4 cxd4 4.Nxd4 Nc6 5.Nc3 Qc7 6.Be3 a6 7.Qd2 Nf6 8.O-O-O
Bb4 9.f3 Ne5 10.Nb3 d5 11.Bd4 O-O 12.a3 Bd6 13.exd5 exd5 14.Qf2 b5 15.Bc5 
Be6 16.Bxd6 Qxd6 17.Qc5 Qb8 18.f4 Nc4 19.Qd4 a5 20.Nc5 Bg4 21.Re1 Re8 22.
Bd3 Rxe1+ 23.Rxe1 b4 24.Nxd5 Nxd5 25.Bxc4 Qxf4+ 26.Qxf4 Nxf4 27.Re4 g5 28.
g3 Rc8 29.axb4 axb4 30.Re5 Nh3 31.b3 Rc6 32.Ne4 h6 33.Re7 Be6 34.Bxe6 Rxe6
35.Rxe6 fxe6 36.Kd2 Kf7 37.Ke3 g4 38.Nf2 Ng5 39.Nxg4 1-0

[Event "POL-ChT2"]
[Site "Katowice POL"]
[Date "2010.09.05"]
[Round "2"]
[White "Juroszek, Tadeusz"]
[Black "Zawadzki, Stanislaw"]
[Result "1-0"]
[WhiteElo "2365"]
[BlackElo "2412"]
[EventDate "2010.09.04"]
[PlyCount "69"]

1.e4 c5 2.g3 Nc6 3.Bg2 g6 4.d3 Bg7 5.Nc3 d6 6.f4 e6 7.Nf3 Nge7 8.O-O O-O 
9.Bd2 b6 10.Rb1 Bb7 11.g4 f5 12.gxf5 exf5 13.exf5 Rxf5 14.Ne4 d5 15.Ng3 
Rf8 16.Qe2 Qd6 17.c3 Rae8 18.Rbe1 Bc8 19.f5 Bd7 20.fxg6 Nxg6 21.Qd1 Bg4 
22.Rxe8 Rxe8 23.Qa4 h5 24.Ng5 b5 25.Qxb5 Rb8 26.Nf7 Qd7 27.Qxc5 Nce7 28.
Nh6+ Kh7 29.Nxg4 hxg4 30.b4 Rc8 31.Qf2 Ne5 32.Nh5 Bh8 33.Nf6+ Bxf6 34.Qxf6
N7g6 35.Qg5 1-0

[Event "POL-ChT2"]
[Site "Katowice POL"]
[Date "2010.09.05"]
[Round "2"]
[White "Bulski, Krzysztof"]
[Black "Flasinski, Michal"]
[Result "1-0"]
[WhiteElo "2459"]
[BlackElo "2214"]
[EventDate "2010.09.04"]
[PlyCount "71"]

1.d4 Nf6 2.c4 e6 3.g3 d5 4.Nf3 Be7 5.Bg2 O-O 6.O-O dxc4 7.Qc2 a6 8.a4 Bd7 
9.Qxc4 Bc6 10.Qc2 Be4 11.Qd1 c5 12.dxc5 Bxc5 13.Nc3 Bc6 14.Bf4 Qe7 15.Qc2 
Nbd7 16.e4 e5 17.Bg5 h6 18.Bd2 Rac8 19.Nh4 Rfd8 20.Nf5 Qe8 21.Rfd1 b5 22.
axb5 axb5 23.Qb1 Ng4 24.Be1 Nb6 25.Nd5 Nc4 26.h3 Bxd5 27.exd5 Nf6 28.Ra6 
Nd6 29.Ba5 Ra8 30.Bxd8 Rxa6 31.Nxh6+ gxh6 32.Bxf6 e4 33.Qc1 Nf5 34.Qxc5 
Rxf6 35.d6 Qd7 36.Qc7 1-0

[Event "POL-ChT2"]
[Site "Katowice POL"]
[Date "2010.09.05"]
[Round "2"]
[White "Wandzik, Wojciech"]
[Black "Pieniazek, Artur"]
[Result "1/2-1/2"]
[WhiteElo "2199"]
[BlackElo "2374"]
[EventDate "2010.09.04"]
[PlyCount "111"]

1.e4 c5 2.Nf3 e6 3.d4 cxd4 4.Nxd4 Nf6 5.Nc3 d6 6.Be2 Be7 7.O-O O-O 8.f4 
Nc6 9.Be3 a6 10.Qe1 Bd7 11.Qg3 b5 12.a3 Nxd4 13.Bxd4 Bc6 14.Rae1 Qd7 15.
Bd3 a5 16.Qh3 g6 17.Kh1 b4 18.axb4 axb4 19.Nd1 e5 20.fxe5 Qxh3 21.gxh3 
dxe5 22.Bxe5 Nd7 23.Bd4 Bc5 24.c3 Rfe8 25.Nf2 h5 26.Kg1 bxc3 27.bxc3 Ra4 
28.Be3 Ra3 29.Bc4 Bxe3 30.Rxe3 Nb6 31.Be2 Re5 32.Rb1 Nd7 33.h4 Kg7 34.Rb4 
Rc5 35.Rc4 Ra1+ 36.Kg2 Ra2 37.Rxc5 Nxc5 38.Bf3 Ra4 39.Kg3 Kf8 40.h3 Ke7 
41.Nd3 Nxd3 42.Rxd3 Rc4 43.Bg2 Ke6 44.Kf4 Rc5 45.Re3 Bb5 46.Bf3 Bc4 47.Bd1
Ra5 48.Be2 Bxe2 49.Rxe2 Rc5 50.Re3 Rc4 51.Rd3 f5 52.Rd4 Rxc3 53.exf5+ gxf5
54.Ra4 Rxh3 55.Ra6+ Ke7 56.Ra7+ 1/2-1/2